Генетика и селекция гороха / (Record no. 23109)
[ view plain ]
| 000 -LEADER | |
|---|---|
| fixed length control field | 00820-am-a2200217-a-4500 |
| 001 - CONTROL NUMBER | |
| control field | 000076302 |
| 003 - CONTROL NUMBER IDENTIFIER | |
| control field | AM-YEHGA |
| 005 - DATE AND TIME OF LATEST TRANSACTION | |
| control field | 20250617121756.0 |
| 008 - FIXED-LENGTH DATA ELEMENTS--GENERAL INFORMATION | |
| fixed length control field | 991007s1975 ru ||||| |||| 00| 0 rus d |
| 040 ## - CATALOGING SOURCE | |
| Original cataloging agency | AM-YeHGA |
| 041 0# - LANGUAGE CODE | |
| Language code of text/sound track or separate title | rus |
| 090 ## - LOCALLY ASSIGNED LC-TYPE CALL NUMBER (OCLC); LOCAL CALL NUMBER (RLIN) | |
| -- | 23385 |
| 245 00 - TITLE STATEMENT | |
| Title | Генетика и селекция гороха / |
| Statement of responsibility, etc. | АН СССР. Ин-т цитологии и генетики ; Отв. ред. В.В. Хвостова. |
| 260 ## - PUBLICATION, DISTRIBUTION, ETC. | |
| Place of publication, distribution, etc. | Новосибирск : |
| Name of publisher, distributor, etc. | Наука. Сиб. отд-ние, |
| Date of publication, distribution, etc. | 1975. |
| 300 ## - PHYSICAL DESCRIPTION | |
| Extent | 268 с. : |
| Other physical details | ил. |
| 650 14 - SUBJECT ADDED ENTRY--TOPICAL TERM | |
| Topical term or geographic name entry element | Горох |
| General subdivision | Генетика |
| 650 14 - SUBJECT ADDED ENTRY--TOPICAL TERM | |
| Topical term or geographic name entry element | Горох |
| General subdivision | Селекция |
| 700 1# - ADDED ENTRY--PERSONAL NAME | |
| Personal name | Хвостова, Вера Вениаминовна |
| Relator term | ред. |
| Relationship | edt |
| 710 2# - ADDED ENTRY--CORPORATE NAME | |
| Corporate name or jurisdiction name as entry element | Институт цитологии и генетики АН СССР |
| 942 ## - ADDED ENTRY ELEMENTS (KOHA) | |
| Source of classification or shelving scheme | Universal Decimal Classification |
| Koha item type | Գրքեր / Books |
| Withdrawn status | Lost status | Source of classification or shelving scheme | Damaged status | Not for loan | Collection | Home library | Current library | Date acquired | Total checkouts | Full call number | Barcode | Date last seen | Price effective from | Koha item type | Public note |
|---|---|---|---|---|---|---|---|---|---|---|---|---|---|---|---|
| Universal Decimal Classification | General | Fundamental Scientific Library | Fundamental Scientific Library | 21/12/2016 | PII/354312 | FL0305853 | 21/12/2016 | 21/12/2016 | Գրքեր / Books | 30 Days Loan | |||||
| Universal Decimal Classification | General | Fundamental Scientific Library | Fundamental Scientific Library | 21/12/2016 | PII/355592 | FL0313157 | 21/12/2016 | 21/12/2016 | Գրքեր / Books | 30 Days Loan |
ՀՀ Գիտությունների ազգային ակադեմիայի հիմնարար գիտական գրադարան = Fundamental Scientific Library of NAS RA
All site content, except where otherwise noted, is licensed under a